000 00538cam a2200217 4500
001 3617618
005 20180110075136.0
008 720118t19711972maua b 001 0 eng
010 _a 73158210
020 _a0395125995
040 _aDLC
_cDLC
_dDLC
041 _aeng
080 _a371
082 _2371 KIR
100 1 _a46
101 _aEDU
245 1 0 _aEducating exceptional children
_c[by] Samuel A. Kirk.
504 _aIncludes bibliographies.
906 _a7
_bcbc
_corignew
_d2
_encip
_f19
_gy-gencatlg
942 _2ddc
_cBK
999 _c40014
_d40014